The value of investment properties; two faces of Janus (Record no. 88202)

MARC details
000 -LEADER
fixed length control field 00622cam a2200205 4500
001 - CONTROL NUMBER
control field D9807
008 - FIXED-LENGTH DATA ELEMENTS--GENERAL INFORMATION
fixed length control field 090401t1977 xxu||||| |||| 00| 0 eng d
035 ## - SYSTEM CONTROL NUMBER
System control number (Sirsi) u22537
041 ## - LANGUAGE CODE
Language code of text/sound track or separate title eng
050 ## - LIBRARY OF CONGRESS CALL NUMBER
Classification number 333.332
100 ## - MAIN ENTRY--PERSONAL NAME
Personal name White, Philip H
245 #4 - TITLE STATEMENT
Title The value of investment properties; two faces of Janus
260 ## - PUBLICATION, DISTRIBUTION, ETC.
Place of publication, distribution, etc. Reading
Name of publisher, distributor, etc. CALUS
Date of publication, distribution, etc. 1977
300 ## - PHYSICAL DESCRIPTION
Extent 15p. 21cm
350 ## - PRICE (NR) (BK AM CF MU VM SE) [OBSOLETE]
Price 0
490 ## - SERIES STATEMENT
Series statement Occasional Paper
Volume/sequential designation s in Estate Management 9
520 ## - SUMMARY, ETC.
Summary, etc. (Text of the University of Reading Public Lecture in Estate Management ... given ... on Tuesday 22nd February, 1977)
942 ## - ADDED ENTRY ELEMENTS (KOHA)
Suppress in OPAC 0
948 ## - LOCAL PROCESSING INFORMATION (OCLC); SERIES PART DESIGNATOR (RLIN)
c (OCLC) 04/03/1997
Holdings
Withdrawn status Lost status Source of classification or shelving scheme Damaged status Not for loan Home library Current library Shelving location Date acquired Total Checkouts Full call number Barcode Date last seen Copy number Price effective from Koha item type
    Dewey Decimal Classification     London London Basement 12/08/1991   SHELF 137 30017092 06/08/2019 1 06/08/2019 Book